Statistics for Chinese History (Basic)

Click here to take the quiz!

General Stats

  • This quiz has been taken 71 times
  • The average score is 15 of 20

Answer Stats

HintAnswer% Correct
Religion introduced to China by Indian missionariesBuddhism
94%
Defensive Construction designed to keep out nomadic invasionsGreat Wall
92%
Ethnic group that conquered China in the 13th CenturyMongols
92%
Vast trade network, connecting China to the WestSilk Road
92%
Famous ancient philosopher, known for promoting family values, and personal/governmental responsibilityConfucius
90%
Famous Chinese invention, that would later be used against themGunpowder
89%
Second dynasty of China, the namesake of the major Chinese ethnic group in modern dayHan
87%
First Emperor of ChinaQin Shi Huang
86%
Current leader of the People's Republic of ChinaXi Jinping
79%
City famously ravaged by Japanese troops during the Second Sino-Japanese WarNanjing
78%
Imperial palace complex used by the Ming and Qing DynastiesForbidden City
73%
Disastrous attempt by Mao to industrialise China, ending in widespread famineGreat Leap Forward
70%
War where China intervened to protect an ally against an American-led invasionKorean War
68%
The last emperor of ChinaPuyi
65%
War caused by British attempts to re-balance their trade deficit with China with shady meansOpium Wars
62%
Tumultuous inter-dynasty period of China, where warlords such as Cao Cao vied for control of the countryThree Kingdoms
59%
Bloodiest rebellion in human historyTaiping Rebellion
51%
City returned to Chinese sovereignty in 1999Macao
44%
Waterway constructed to connect northern and southern China, at the cost of many livesGrand Canal
43%
Ethnic group that conquered China in the 17th CenturyManchus
43%

Score Distribution

Percentile by Number Answered

Percent of People with Each Score

Your Score History

You have not taken this quiz